Hệ thống cung cấp điện của xí nghiệp công nghiệp đô thị và nhà cao tầng /
Nguyên lý cơ bản của hệ thống cung cấp điện; Hệ thống cung cấp điện trong các lĩnh vực kinh tế quốc dân; Ví dụ về thiết kế cung cấp điện và các số liệu tra cứu...
Đã lưu trong:
| 主要作者: | |
|---|---|
| 其他作者: | |
| 格式: | 圖書 |
| 語言: | Vietnamese |
| 出版: |
Hà Nội :
Khoa học và kỹ thuật,
2001.
|
| 主題: | |
| 標簽: |
添加標簽
沒有標簽, 成為第一個標記此記錄!
|
| Thư viện lưu trữ: | Mạng thư viện Đại học Đà Nẵng |
|---|
| LEADER | 02304cam a2200409 a 4500 | ||
|---|---|---|---|
| 001 | 000043686 | ||
| 003 | 1728 | ||
| 005 | 20220520095108.0 | ||
| 008 | 010217b2001 vm 000 vie | ||
| 040 | |a LRCC |c LRCC |d LRCC | ||
| 041 | 0 | |a vie | |
| 082 | 1 | 4 | |a 621.312 |b NG-H |
| 100 | 1 | |a Nguyễn Công Hiền. | |
| 245 | 1 | 0 | |a Hệ thống cung cấp điện của xí nghiệp công nghiệp đô thị và nhà cao tầng / |c Nguyễn Công Hiền, Nguyễn Mạnh Hoạch. |
| 264 | 1 | |a Hà Nội : |b Khoa học và kỹ thuật, |c 2001. | |
| 300 | |a 804 tr. : |b mh. ; |c 27 cm. | ||
| 520 | 3 | |a Nguyên lý cơ bản của hệ thống cung cấp điện; Hệ thống cung cấp điện trong các lĩnh vực kinh tế quốc dân; Ví dụ về thiết kế cung cấp điện và các số liệu tra cứu... | |
| 526 | |a Kỹ thuật điện | ||
| 630 | 0 | 4 | |a Điện. |
| 630 | 0 | 4 | |a Điện công nghiệp. |
| 650 | 0 | 4 | |a Điện |x Công nghiệp. |
| 650 | 0 | 4 | |a Hệ thống cung cấp điện. |
| 700 | 1 | |a Nguyễn Mạnh Hoạch. | |
| 910 | |a NTMHA | ||
| OWN | |a DUT | ||
| AVA | |a UDN50 |b DUT |c Book |d 621.312 NG-H |e available |t Error 5001 Not defined in file expand_doc_bib_avail. |f 4 |g 3 |h N |i 19 |j SH |k 1 | ||
| Z40 | 3 | |y Hệ thống cung điện của xí nghiệp công nghiệp, đô thị và nhà cao tầng |l Library of DUT |t VIEW |x http://catalog.udn.vn:80/F?func=service&doc_library=UDN01&local_base=UDN01&doc_number=000043686&sequence=000001&line_number=0001&func_code=DB_RECORDS&service_type=MEDIA |f DUT1728_HTcungcapdiencuaXNCN_000015996.pdf |e pdf |s 092302320 |k 20220520 |m NTLQUYEN | |
| 999 | |a From the UDN01 | ||
| AVA | |a UDN50 |b DUT |c Book |d 621.312 NG-H |e available |t Error 5001 Not defined in file expand_doc_bib_avail. |f 4 |g 3 |h N |i 19 |j SH |k 1 | ||
| TYP | |a Monograph | ||
| TYP | |a Printed language | ||
| 856 | |y Hệ thống cung điện của xí nghiệp công nghiệp, đô thị và nhà cao tầng |l Library of DUT |t VIEW |x http://catalog.udn.vn:80/F?func=service&doc_library=UDN01&local_base=UDN01&doc_number=000043686&sequence=000001&line_number=0001&func_code=DB_RECORDS&service_type=MEDIA |f DUT1728_HTcungcapdiencuaXNCN_000015996.pdf |e pdf |s 092302320 |k 20220520 |m NTLQUYEN | ||
| 980 | |a Mạng thư viện Đại học Đà Nẵng | ||